LIBRARY & INFORMATION CENTRE, KCAET, TAVANUR

ONLINE PUBLIC ACCESS CATALOGUE (OPAC)

Fluid mechanics, hydraulics and fluid machines / (Record no. 207)

MARC details
000 -LEADER
fixed length control field 00542cam a2200205ua 4500
041 ## - LANGUAGE CODE
Language code of text/sound track or separate title eng
082 ## - DEWEY DECIMAL CLASSIFICATION NUMBER
Classification number 532
Item number RAM/FL
100 ## - MAIN ENTRY--AUTHOR NAME
Personal name Ramamrutham, S.
245 ## - TITLE STATEMENT
Title Fluid mechanics, hydraulics and fluid machines /
250 ## - EDITION STATEMENT
Edition statement 4 /
260 ## - PUBLICATION, DISTRIBUTION, ETC. (IMPRINT)
Place of publication New Delhi :
Name of publisher Dhanpat Rai Publishing Co. Pvt. Ltd. ,
Year of publication 1994.
300 ## - PHYSICAL DESCRIPTION
Number of Pages 1200 ; .
650 ## - SUBJECT ADDED ENTRY--TOPICAL TERM
Topical Term Fluid mechanics
942 ## - ADDED ENTRY ELEMENTS (KOHA)
Koha item type Books
Holdings
Withdrawn status Lost status Damaged status Home library Current library Date acquired Full call number Accession Number Koha item type
      KAUAET KAUAET 07/04/2012 532 RAM/FL 18777 Books
      KAUAET KAUAET 07/04/2012 532 RAM/FL 18778 Books
free website counter